Sucedió ayer / (Record no. 109668)

MARC details
000 -LEADER
campo de control de longitud fija 00434nam a2200157 4500
001 - NÚMERO DE CONTROL
campo de control 109668
003 - IDENTIFICADOR DE NÚMERO DE CONTROL
campo de control ES-MaACL
005 - FECHA Y HORA DE LA ÚLTIMA TRANSACCIÓN
campo de control 20230906184903.0
007 - CAMPO FIJO DE DESCRIPCIÓN FÍSICA--INFORMACIÓN GENERAL
campo de control de longitud fija t|
008 - DATOS DE LONGITUD FIJA--INFORMACIÓN GENERAL
campo de control de longitud fija 061121s1945 sp r ||||1| spa d
100 1# - ENTRADA PRINCIPAL--NOMBRE DE PERSONA
Nombre de persona Omar, Jorge.
9 (RLIN) 87033
245 10 - MENCIÓN DEL TÍTULO
Título Sucedió ayer /
Mención de responsabilidad, etc. por Jorge Omar [seud.].
260 ## - PUBLICACIÓN, DISTRIBUCIÓN, ETC.
Lugar de publicación, distribución, etc. Madrid :
Nombre del editor, distribuidor, etc. Carlos Jaime,
Fecha de publicación, distribución, etc. [1945?]
300 ## - DESCRIPCIÓN FÍSICA
Extensión 245 p. :
Otras características físicas `Retr. aut.` ;
Dimensiones 22 cm.
852 ## - LOCALIZACIÓN
Ubicación ES-MaACL
Número de control de estantería B-10091
Sublocalización o colección R.21543
Holdings
Estatus retirado Estado de pérdida Estado de daño No para préstamo Biblioteca de origen Biblioteca actual Ubicación en estantería Fecha de adquisición Fuente de adquisición Total de préstamos Signatura topográfica completa Código de barras Visto por última vez Precio de reemplazo Tipo de ítem Koha
        Biblioteca del Ateneo de Madrid Biblioteca del Ateneo de Madrid Sala Pardo Bazán 17/01/2008     B-10091 1114426 23/02/2023 23/02/2023 Libro impreso